[Event "Heider City-ch"]
[Site "Heider"]
[Date "2003.02.28"]
[Round "1.1"]
[White "Jendrian, Michael"]
[Black "Kring, Kurt"]
[Result "1-0"]
[WhiteElo "1988"]
[BlackElo "1599"]
[PlyCount "51"]
[EventDate "2003.03.03"]
[EventType "swiss"]
[EventRounds "7"]
[EventCountry "GER"]
[SourceTitle "EXT 2004"]
[Source "ChessBase"]
[SourceDate "2003.11.25"]
[SourceVersion "1"]
[SourceVersionDate "2003.11.25"]
[SourceQuality "1"]

1. f4 d5 2. Nf3 c5 3. e3 Nf6 4. b3 Nc6 5. Bb5 Qb6 6. Bxc6+ Qxc6 7. Ne5 Qc7 8. d3 h5 9. 0-0 Ng4 10. Qf3 Be6 11. Bb2 Rh6 12. h3 f5 13. hxg4 fxg4 14. Qf2 h4 15. g3 hxg3 16. Qxg3 Rh3 17. Qg2 d4 18. e4 g3 19. Na3 a6 20. Rf3 g5 21. Rxg3 gxf4 22. Rxh3 Qxe5 23. Qg6+ Bf7 24. Qf5 Qg7+ 25. Kh1 e5 26. Rg1 1-0

[Event "Heide-ch op"]
[Site "Heide"]
[Date "2002.05.03"]
[Round "5"]
[White "Meyer, Juergen"]
[Black "Kring, Kurt"]
[Result "1-0"]
[WhiteElo "1854"]
[BlackElo "1625"]
[PlyCount "61"]
[EventDate "2002.05.??"]
[EventType "swiss"]
[EventRounds "7"]
[EventCountry "GER"]
[SourceTitle "EXT 2004"]
[Source "ChessBase"]
[SourceDate "2003.11.25"]
[SourceVersion "1"]
[SourceVersionDate "2003.11.25"]
[SourceQuality "1"]

1. e4 e5 2. d4 exd4 3. Qxd4 Nc6 4. Qe3 b6 5. Bd2 Bb7 6. Nc3 Bc5 7. Qg3 Qf6 8. 0-0-0 Ne5 9. f4 Ng6 10. f5 Bd6 11. Qe1 Ne5 12. Nh3 h6 13. Nf4 c6 14. Nh5 Qe7 15. Nxg7+ Kd8 16. Nh5 Kc7 17. Kb1 Re8 18. Bf4 Nf6 19. Nxf6 Qxf6 20. g4 Kc8 21. Qg3 Rhg8 22. Be2 Bc7 23. h4 b5 24. g5 Qe7 25. f6 Qc5 26. Bg4 Nxg4 27. Qxg4 Bxf4 28. Rxd7 Re6 29. Rxf7 Qe5 30. Re7 h5 31. Qxe6+ 1-0

[Event "Heide-ch op"]
[Site "Heide"]
[Date "2002.04.19"]
[Round "4"]
[White "Kring, Kurt"]
[Black "Kruse, Martin"]
[Result "1-0"]
[WhiteElo "1625"]
[BlackElo "1864"]
[PlyCount "78"]
[EventDate "2002.05.??"]
[EventType "swiss"]
[EventRounds "7"]
[EventCountry "GER"]
[SourceTitle "EXT 2004"]
[Source "ChessBase"]
[SourceDate "2003.11.25"]
[SourceVersion "1"]
[SourceVersionDate "2003.11.25"]
[SourceQuality "1"]

1. d4 f5 2. Nc3 Nf6 3. Bg5 e6 4. e4 fxe4 5. Nxe4 Be7 6. Bxf6 Bxf6 7. Qh5+ g6 8. Nxf6+ Qxf6 9. Qe5 0-0 10. Qxf6 Rxf6 11. h4 Nc6 12. 0-0-0 Rxf2 13. Nh3 Rf6 14. h5 d6 15. hxg6 hxg6 16. Ng5 Rf5 17. Nf3 Ne7 18. Bd3 Ra5 19. g4 e5 20. Rh4 e4 21. Bxe4 g5 22. Rh6 Bxg4 23. Rdh1 Kf7 24. Rh7+ Ke6 25. Re1 Nd5 26. Rh6+ Kd7 27. Rh7+ Ke6 28. Nxg5+ Kf6 29. Nf7 Rg8 30. Rf1+ Ke6 31. Nh6 Bh3 32. Rd1 Rg3 33. Bf5+ Kf6 34. Bxh3 Rxh3 35. Ng8+ Kg6 36. Rxh3 Rxa2 37. Kb1 Ra4 38. c3 Kf7 39. Nh6+ Kf6 1-0

[Event "Heide-ch op"]
[Site "Heide"]
[Date "2002.03.01"]
[Round "1"]
[White "Jendrian, Michael"]
[Black "Kring, Kurt"]
[Result "1-0"]
[WhiteElo "1978"]
[BlackElo "1625"]
[PlyCount "71"]
[EventDate "2002.05.??"]
[EventType "swiss"]
[EventRounds "7"]
[EventCountry "GER"]
[SourceTitle "EXT 2004"]
[Source "ChessBase"]
[SourceDate "2003.11.25"]
[SourceVersion "1"]
[SourceVersionDate "2003.11.25"]
[SourceQuality "1"]

1. f4 f5 2. e4 fxe4 3. d3 d5 4. dxe4 dxe4 5. Qxd8+ Kxd8 6. Nc3 Nf6 7. Be3 Bf5 8. Nge2 Nbd7 9. h3 h5 10. g3 e5 11. 0-0-0 c6 12. fxe5 Nd5 13. Nxd5 cxd5 14. Rxd5 Kc7 15. Bf4 Be6 16. Rd1 Bc5 17. Nc3 e3 18. Bb5 Nb6 19. Ne4 Be7 20. Bxe3 Nd5 21. Bg5 Rad8 22. Bc4 Bf5 23. Bxe7 Nxe7 24. Nd6 a6 25. a4 Bg6 26. Nf7 Bxf7 27. Bxf7 Nf5 28. Rhg1 Nd4 29. Rg2 Rh6 30. Rgd2 Nc6 31. Rd6 Rhxd6 32. exd6+ Rxd6 33. Rxd6 Kxd6 34. Bxh5 Ne5 35. Be2 Nc6 36. c3 1-0